| 000 | 00755nam a2200181Ia 4500 | ||
|---|---|---|---|
| 008 | 090124s9999 xx 000 0 und d | ||
| 082 | _b9123 | ||
| 100 | _aचित्राव सिध्देश्र्वरशास्त्री | ||
| 245 | _a ऋग्वेदाचे मराठी भाषांतर | ||
| 250 | _a0 | ||
| 260 | _c1969 | ||
| 300 | _a759 | ||
| 600 | _aचित्राव सिध्देश्र्वरशास्त्री | ||
| 630 | _a ऋग्वेदाचे मराठी भाषांतर | ||
| 700 | _aचित्राव सिध्देश्र्वरशास्त्री | ||
| 730 | _a ऋग्वेदाचे मराठी भाषांतर | ||
| 942 | _cBOOK | ||
| 999 |
_c85770 _d85770 |
||